书目信息 |
| 题名: |
日语笔译综合能力
|
|
| 作者: | 谭晶华 总主编 ;杨诎人 主编 | |
| 分册: | 二级 | |
| 出版信息: | 北京 外文出版社 2005 |
|
| 页数: | 256页 | |
| 开本: | 26cm | |
| 丛书名: | ||
| 单 册: | ||
| 中图分类: | H365.9 | |
| 科图分类: | ||
| 主题词: | 日语--翻译--考核--教材 , 翻译 , 日语 | |
| 电子资源: | ||
| ISBN: | 7-119-03992-X | |
| 000 | 00927nam0 2200277 450 | |
| 001 | 070730000565 | |
| 005 | 20071015160740.07 | |
| 010 | @a7-119-03992-X@dCNY36.00 | |
| 035 | @a002964418 | |
| 100 | @a20050317d2005 em y0chiy0110 ea | |
| 101 | 0 | @achi@ajpn |
| 102 | @aCN@b110000 | |
| 105 | @ay z 000yy | |
| 200 | 1 | @a日语笔译综合能力@Ari yu bi yi zong he neng li@i二级@f谭晶华总主编@g杨诎人主编 |
| 210 | @a北京@c外文出版社@d2005 | |
| 215 | @a256页@d26cm | |
| 300 | @a全国翻译专业资格(水平)考试指定教材 | |
| 330 | @a本书共收入各类日语原文48篇,按题材内容分为16课,每课由课文一、课文二和课外读物等3部分组成。其中课文一和课文二为同类文章。课外读物的题材不受此限制。 | |
| 606 | 0 | @a日语@x翻译@x考核@j教材 |
| 606 | 0 | @a翻译 |
| 606 | 0 | @a日语 |
| 690 | @aH365.9@v4 | |
| 701 | 0 | @a谭晶华@Atan jing hua@f(1951~)@4总主编 |
| 702 | 0 | @a杨诎人@Ayang qu ren@c(日语)@4主编 |
| 801 | 0 | @aCN@c20071015 |
| 905 | @dH365.9@eT100 | |
| 日语笔译综合能力.二级/谭晶华总主编/杨诎人主编.-北京:外文出版社,2005 |
| 256页;26cm |
| 全国翻译专业资格(水平)考试指定教材 |
| ISBN 7-119-03992-X:CNY36.00 |
| 本书共收入各类日语原文48篇,按题材内容分为16课,每课由课文一、课文二和课外读物等3部分组成。其中课文一和课文二为同类文章。课外读物的题材不受此限制。 |
| ● |
| 相关链接 |
|
|
|
正题名:日语笔译综合能力
索取号:H365.9/T100
 
预约/预借
| 序号 | 登录号 | 条形码 | 馆藏地/架位号 | 状态 | 备注 |
| 1 | 651269 | 206512692 | 语言库209/209语言库 130排1列3层/ [索取号:H365.9/T100] | 在馆 |